000 00394nam a2200133Ia 4500
008 100328s9999 xx 000 0 und d
082 _b57916
100 _aइंगळे व.न.
245 _aदरिद्रीनारायण
260 _bसाकेत
630 _aदरिद्रीनारायण
730 _aदरिद्रीनारायण
942 _cBOOK
999 _c544313
_d544310